01506nam a2200325 i 4500001001000000003000900010005001700019007000300036008004100039040003000080082002500110100003800135245007100173264007200244300005300316336002700369337003500396338003100431590002600462600003700488650002800525651004700553910003700600942001300637952013000650952013000780952012500910952012801035999001701163000044984DO-SdBNP20230911141941.0ta150128s1959 dr ac r 000 0bspa d aDO-SdBNPbspacBNPHUerda 4a922.27293bH519M2221 aMorales, G. Alfredo925448eautor10aEn las bodas de plata del Padre Henríquez /cG. Alfredo Morales. aCiudad Trujillo, Distrito Nacional :bImpresora Dominicana ; c1959 a46 páginas :bilustraciones, retratos c24 cm. 2rdacontentatextobtxt 2rdamedia asin mediación bn 2rdacarrier avolumen bnc aInventariado, 2018/BT14aHenríquez, Luis Fedrico972996 4aPoesía dominicana966 4aRepública DominicanavBiografías91083 aValidado. Control de calidad MFF 2ddccLF2 00102ddc56708GR-RVaBNPHUbBNPHUcHDd2015-01-28oBNPHU DS-RV 922.27293 H519Mp44984-30r2020-06-25te.3w2020-06-25yLF2 00102ddc56708GR-RVaBNPHUbBNPHUcHDd2015-01-28oBNPHU DS-RV 922.27293 H519Mp44984-40r2020-06-25te.4w2020-06-25yLF2 00102ddc51708PD-RVaBNPHUbBNPHUcHDd2015-01-28oBNPHU PD-RV 922.27293 H519Mp44984-10r2020-06-25w2020-06-25yLF2 00102ddc51728RVaBNPHUbPDcHDd2015-01-28l0oBNPHU PD-RV 922.27293 H519Mp44984-20r2020-06-25te.2w2020-06-25yLBS1 c44473d44473